<?xml version="1.0" encoding="UTF-8"?>
<record
    xmlns:xsi="http://www.w3.org/2001/XMLSchema-instance"
    xsi:schemaLocation="http://www.loc.gov/MARC21/slim http://www.loc.gov/standards/marcxml/schema/MARC21slim.xsd"
    xmlns="http://www.loc.gov/MARC21/slim">

  <leader>00341nam a2200145Ia 4500</leader>
  <controlfield tag="008">150201s2008    xx            000 0 und d</controlfield>
  <datafield tag="082" ind1=" " ind2=" ">
    <subfield code="a">617.3</subfield>
    <subfield code="b">E08M</subfield>
  </datafield>
  <datafield tag="100" ind1=" " ind2=" ">
    <subfield code="a">MAHESHWARI , J.</subfield>
  </datafield>
  <datafield tag="245" ind1=" " ind2=" ">
    <subfield code="a">ESSENTIAL OF ORTHOPAEDICS</subfield>
  </datafield>
  <datafield tag="250" ind1=" " ind2=" ">
    <subfield code="a">3RD</subfield>
  </datafield>
  <datafield tag="260" ind1=" " ind2=" ">
    <subfield code="b">MEHTA</subfield>
    <subfield code="a">DELHI</subfield>
    <subfield code="c">2008</subfield>
  </datafield>
  <datafield tag="300" ind1=" " ind2=" ">
    <subfield code="a">1-330</subfield>
  </datafield>
  <datafield tag="650" ind1=" " ind2=" ">
    <subfield code="a">ORTHOPEDICS</subfield>
  </datafield>
  <datafield tag="942" ind1=" " ind2=" ">
    <subfield code="2">ddc</subfield>
    <subfield code="c">BK</subfield>
    <subfield code="0">46</subfield>
  </datafield>
  <datafield tag="952" ind1=" " ind2=" ">
    <subfield code="0">0</subfield>
    <subfield code="1">0</subfield>
    <subfield code="2">ddc</subfield>
    <subfield code="4">0</subfield>
    <subfield code="7">0</subfield>
    <subfield code="8">MEDICAL</subfield>
    <subfield code="a">FM</subfield>
    <subfield code="b">FM</subfield>
    <subfield code="c">TXT</subfield>
    <subfield code="d">2013-03-20</subfield>
    <subfield code="e">UBS DELHI</subfield>
    <subfield code="g">320.00</subfield>
    <subfield code="i">SGTU</subfield>
    <subfield code="l">19</subfield>
    <subfield code="o">617.3 E08M</subfield>
    <subfield code="p">FM5359</subfield>
    <subfield code="r">2023-09-12 00:00:00</subfield>
    <subfield code="s">2023-08-08</subfield>
    <subfield code="w">2013-03-20</subfield>
    <subfield code="y">BK</subfield>
  </datafield>
  <datafield tag="952" ind1=" " ind2=" ">
    <subfield code="0">0</subfield>
    <subfield code="1">0</subfield>
    <subfield code="2">ddc</subfield>
    <subfield code="4">0</subfield>
    <subfield code="7">0</subfield>
    <subfield code="8">MEDICAL</subfield>
    <subfield code="a">FM</subfield>
    <subfield code="b">FM</subfield>
    <subfield code="c">TXT</subfield>
    <subfield code="d">2013-03-20</subfield>
    <subfield code="e">UBS DELHI</subfield>
    <subfield code="g">320.00</subfield>
    <subfield code="i">SGTU</subfield>
    <subfield code="l">2</subfield>
    <subfield code="o">617.3 E08M</subfield>
    <subfield code="p">FM5360</subfield>
    <subfield code="r">2019-05-20 00:00:00</subfield>
    <subfield code="s">2019-05-13</subfield>
    <subfield code="w">2013-03-20</subfield>
    <subfield code="y">BK</subfield>
  </datafield>
  <datafield tag="952" ind1=" " ind2=" ">
    <subfield code="0">0</subfield>
    <subfield code="1">0</subfield>
    <subfield code="2">ddc</subfield>
    <subfield code="4">0</subfield>
    <subfield code="7">0</subfield>
    <subfield code="8">MEDICAL</subfield>
    <subfield code="a">FM</subfield>
    <subfield code="b">FM</subfield>
    <subfield code="c">TXT</subfield>
    <subfield code="d">2013-03-20</subfield>
    <subfield code="e">UBS DELHI</subfield>
    <subfield code="g">320.00</subfield>
    <subfield code="i">SGTU</subfield>
    <subfield code="l">0</subfield>
    <subfield code="o">617.3 E08M</subfield>
    <subfield code="p">FM5361</subfield>
    <subfield code="r">2015-02-09 00:00:00</subfield>
    <subfield code="w">2013-03-20</subfield>
    <subfield code="y">BK</subfield>
  </datafield>
  <datafield tag="952" ind1=" " ind2=" ">
    <subfield code="0">0</subfield>
    <subfield code="1">0</subfield>
    <subfield code="2">ddc</subfield>
    <subfield code="4">0</subfield>
    <subfield code="7">0</subfield>
    <subfield code="8">MEDICAL</subfield>
    <subfield code="a">FM</subfield>
    <subfield code="b">FM</subfield>
    <subfield code="c">TXT</subfield>
    <subfield code="d">2013-03-20</subfield>
    <subfield code="e">UBS DELHI</subfield>
    <subfield code="g">320.00</subfield>
    <subfield code="i">SGTU</subfield>
    <subfield code="l">23</subfield>
    <subfield code="o">617.3 E08M</subfield>
    <subfield code="p">FM5362</subfield>
    <subfield code="r">2025-12-19 00:00:00</subfield>
    <subfield code="s">2025-12-08</subfield>
    <subfield code="w">2013-03-20</subfield>
    <subfield code="y">BK</subfield>
  </datafield>
  <datafield tag="952" ind1=" " ind2=" ">
    <subfield code="0">0</subfield>
    <subfield code="1">0</subfield>
    <subfield code="2">ddc</subfield>
    <subfield code="4">0</subfield>
    <subfield code="7">0</subfield>
    <subfield code="8">MEDICAL</subfield>
    <subfield code="a">FM</subfield>
    <subfield code="b">FM</subfield>
    <subfield code="c">TXT</subfield>
    <subfield code="d">2013-03-20</subfield>
    <subfield code="e">UBS DELHI</subfield>
    <subfield code="g">320.00</subfield>
    <subfield code="i">SGTU</subfield>
    <subfield code="l">17</subfield>
    <subfield code="o">617.3 E08M</subfield>
    <subfield code="p">FM5363</subfield>
    <subfield code="r">2024-06-20 00:00:00</subfield>
    <subfield code="s">2024-06-12</subfield>
    <subfield code="w">2013-03-20</subfield>
    <subfield code="y">BK</subfield>
  </datafield>
  <datafield tag="952" ind1=" " ind2=" ">
    <subfield code="0">0</subfield>
    <subfield code="1">0</subfield>
    <subfield code="2">ddc</subfield>
    <subfield code="4">0</subfield>
    <subfield code="7">0</subfield>
    <subfield code="8">MEDICAL</subfield>
    <subfield code="a">FM</subfield>
    <subfield code="b">FM</subfield>
    <subfield code="c">TXT</subfield>
    <subfield code="d">2013-03-20</subfield>
    <subfield code="e">UBS DELHI</subfield>
    <subfield code="g">320.00</subfield>
    <subfield code="i">SGTU</subfield>
    <subfield code="l">18</subfield>
    <subfield code="m">3</subfield>
    <subfield code="o">617.3 E08M</subfield>
    <subfield code="p">FM5364</subfield>
    <subfield code="r">2024-05-14 00:00:00</subfield>
    <subfield code="s">2024-04-12</subfield>
    <subfield code="w">2013-03-20</subfield>
    <subfield code="y">BK</subfield>
  </datafield>
  <datafield tag="999" ind1=" " ind2=" ">
    <subfield code="c">1485</subfield>
    <subfield code="d">1485</subfield>
  </datafield>
</record>
